00728nam a22002057a 4500999001900000005001700019010001000036020001200046035001000058037001700068082001200085100003200097245007800129246005800207260003900265270004900304300002200353942003000375952011700405 c171664d17166420200203103858.0 a79490 c9.00a- a79490 bBPPD/Pub.a- a809.955 aر ضا ز ا د ہ شفق aتا ر يخ ا د بيا ت ا ير ا ن /cر ضا ز ا د ہ شفق bTareekh Adabiyat-e-Iran (Urdu) /aby Raza Zada Shafaq aDelhibMaktaba Jamia Ltd.c1955 ء aUrdu Bazar Jama Masjid,bDelhie110006k-l- a558 ص c22cm(Hb) 2ddccURh809.95mر ض ا 001040708NFICaLbLd2020-01-17eBPPD/Ven.g9.00l0o809.95 ر ض اp79490r2020-01-17 00:00:00t1v9.00yUR